000
00313nam a2200121Ia 4500
008
191201s2014 xx 000 0 und d
100
_a
HENNESSY,John L
245
0
_a
Computer Architecture A Quntitative Approach
260
_a
N. delhi
_b
Elsevier
_c
2014
300
_a
misc
650
_a
M.Tech(CSE)
942
_2
ddc
_c
BK
999
_c
6019
_d
6019